Ferrante e Teicher in Classic (Lp Uas 29192) (Record n. 103822)
[ formato base ]
| 000 -LEADER | |
|---|---|
| fixed length control field | 02551njm a2200397Ia 4500 |
| 001 - CONTROL NUMBER | |
| control field | 23952 |
| 003 - CONTROL NUMBER IDENTIFIER | |
| control field | IT-RoPAU |
| 005 - DATE AND TIME OF LATEST TRANSACTION | |
| control field | 20220918181214.0 |
| 008 - FIXED-LENGTH DATA ELEMENTS--GENERAL INFORMATION | |
| fixed length control field | 131025s9999 xx 000 0 und d |
| 040 ## - CATALOGING SOURCE | |
| Original cataloging agency | IT-RoPAU |
| 040 ## - CATALOGING SOURCE | |
| Transcribing agency | IT-RoPAU |
| 999 ## - SYSTEM CONTROL NUMBERS (KOHA) | |
| Koha Dewey Subclass [OBSOLETE] | n.d. |
| 100 ## - MAIN ENTRY--PERSONAL NAME | |
| Personal name | AA.VV. |
| 9 (RLIN) | 794 |
| 100 ## - MAIN ENTRY--PERSONAL NAME | |
| Relator term | Autore musica |
| 9 (RLIN) | 7801 |
| 100 ## - MAIN ENTRY--PERSONAL NAME | |
| Miscellaneous information | Codice autore musica SPICS: 12000 |
| 9 (RLIN) | 796 |
| 245 ## - TITLE STATEMENT | |
| Title | Ferrante e Teicher in Classic (Lp Uas 29192) |
| 250 ## - EDITION STATEMENT | |
| Edition statement | 1a ed. |
| 260 ## - PUBLICATION, DISTRIBUTION, ETC. (IMPRINT) | |
| Place of publication, distribution, etc. | USA |
| 260 ## - PUBLICATION, DISTRIBUTION, ETC. (IMPRINT) | |
| Name of publisher, distributor, etc. | UNITED ARTISTS RECORDS |
| Date of publication, distribution, etc. | 1971 [1a Ed.:1971] |
| 300 ## - PHYSICAL DESCRIPTION | |
| Extent | DISCO |
| 500 ## - GENERAL NOTE | |
| General note | Arrangiamento e adattamento per orchestra di Ferrante & Teicher, Don Costa & Arite Beck. Musica classica arrangiata. |
| 505 ## - FORMATTED CONTENTS NOTE | |
| Formatted contents note | Concerto per pianoforte e orchestra in si bemolle minore - Sogno d'amore - Romeo e Giulietta - Fantasie impromptu - Ninna nanna - Concerto per pianoforte e orchestra in la minore - Concerto per pianoforte e orchestra N.21 in do maggiore andante (dal film Elvira Madigan) - Soltanto il cuore solitario - Canto di primavera - Polonaise in la bemolle - Concerto N.2 per pianoforte e orchestra in do minore - Sheherazade |
| 511 ## - PARTICIPANT OR PERFORMER NOTE | |
| Participant or performer note | direttore: Perito Nick |
| 650 ## - SUBJECT ADDED ENTRY--TOPICAL TERM | |
| Topical term or geographic name as entry element | ARRANGIAMENTO [DISCHI] |
| Relator term | Codice MATERIA SPICS: 9950 |
| 9 (RLIN) | 7802 |
| 700 ## - ADDED ENTRY--PERSONAL NAME | |
| Personal name | Ferrante e Teicher |
| Dates associated with a name | Codice autore e interprete SPICS: 13930 |
| Relator term | Autore e interprete |
| 9 (RLIN) | 7803 |
| 700 ## - ADDED ENTRY--PERSONAL NAME | |
| Personal name | Cajkovskij Petr Llijch |
| Dates associated with a name | Codice autore musica SPICS: 10808 |
| Relator term | Autore musica |
| Name of part/section of a work | Concerto per pianoforte e orchestra in si bemolle minore - Romeo e Giulietta - Soltanto il cuore solitario |
| 9 (RLIN) | 7804 |
| 700 ## - ADDED ENTRY--PERSONAL NAME | |
| Personal name | Liszt Franz |
| Dates associated with a name | Codice autore musica SPICS: 10789 |
| Relator term | Autore musica |
| Name of part/section of a work | Sogno d'amore |
| 9 (RLIN) | 7805 |
| 700 ## - ADDED ENTRY--PERSONAL NAME | |
| Personal name | Chopin Fryderyk |
| Dates associated with a name | Codice autore musica SPICS: 8056 |
| Relator term | Autore musica |
| Name of part/section of a work | Fantasie impromptu - Polonaise in la bemolle |
| 9 (RLIN) | 7806 |
| 700 ## - ADDED ENTRY--PERSONAL NAME | |
| Personal name | Brahms Johannes |
| Dates associated with a name | Codice autore musica SPICS: 8867 |
| Relator term | Autore musica |
| Name of part/section of a work | Ninna nanna |
| 9 (RLIN) | 7807 |
| 700 ## - ADDED ENTRY--PERSONAL NAME | |
| Personal name | Grieg Edward |
| Dates associated with a name | Codice autore musica SPICS: 10671 |
| Relator term | Autore musica |
| Name of part/section of a work | Concerto per pianoforte e orchestra in la minore |
| 9 (RLIN) | 7808 |
| 700 ## - ADDED ENTRY--PERSONAL NAME | |
| Personal name | Mozart Wolfgang Amadeus |
| Dates associated with a name | Codice autore musica SPICS: 3486 |
| Relator term | Autore musica |
| Name of part/section of a work | Concerto per pianoforte e orchestra N.21 in do maggiore andante |
| 9 (RLIN) | 7809 |
| 700 ## - ADDED ENTRY--PERSONAL NAME | |
| Personal name | Mendelssohn Felix |
| Dates associated with a name | Codice autore musica SPICS: 3873 |
| Relator term | Autore musica |
| Name of part/section of a work | Canto di primavera |
| 9 (RLIN) | 7810 |
| 700 ## - ADDED ENTRY--PERSONAL NAME | |
| Personal name | Rachmaninov Sergej |
| Dates associated with a name | Codice autore musica SPICS: 8144 |
| Relator term | Autore musica |
| Name of part/section of a work | Concerto N.2 per pianoforte e orchestra in do minore |
| 9 (RLIN) | 7811 |
| 700 ## - ADDED ENTRY--PERSONAL NAME | |
| Personal name | Rimskij-Korsakov Nikolai |
| Dates associated with a name | Codice autore musica SPICS: 10687 |
| Relator term | Autore musica |
| Name of part/section of a work | Sheherazade |
| 9 (RLIN) | 7812 |
| 942 ## - ADDED ENTRY ELEMENTS (KOHA) | |
| Koha item type | DISCHI |
| Source of classification or shelving scheme | Dewey Decimal Classification |
| Withdrawn status | Lost status | Damaged status | Not for loan | Home library | Current library | Date acquired | Total Checkouts | Full call number | Date last seen | Price effective from | Koha item type | Public note |
|---|---|---|---|---|---|---|---|---|---|---|---|---|
| Buone Condizioni | Not For Loan | SPICS-MEDIATECA | SPICS-MEDIATECA | 25/10/2013 | 23952 | 25/10/2013 | 25/10/2013 | DISCHI | Progr. Ins.: 4799 / N.Vol.: 1 / Copie: 1 - Copia rara: n.d. / date import: 01.01.2014 - By Epidotti, Trombetti, Vaglietti |